Modernas tendencias del derecho constitucional / (Record no. 110778)

MARC details
000 -LEADER
campo de control de longitud fija 00946nam a2200253 i 4500
001 - NÚMERO DE CONTROL
campo de control 110778
003 - IDENTIFICADOR DE NÚMERO DE CONTROL
campo de control ES-MaACL
005 - FECHA Y HORA DE LA ÚLTIMA TRANSACCIÓN
campo de control 20250814235303.0
007 - CAMPO FIJO DE DESCRIPCIÓN FÍSICA--INFORMACIÓN GENERAL
campo de control de longitud fija t|
008 - DATOS DE LONGITUD FIJA--INFORMACIÓN GENERAL
campo de control de longitud fija 070125s1934 sp ||||1| spa d
080 ## - NÚMERO DE LA CLASIFICACIÓN DECIMAL UNIVERSAL
Número de la Clasificación Decimal Universal 342.4(091)
100 1# - ENTRADA PRINCIPAL--NOMBRE DE PERSONA
Nombre de persona Mirkine-Guetzévitch, Boris.
9 (RLIN) 81593
245 10 - MENCIÓN DEL TÍTULO
Título Modernas tendencias del derecho constitucional /
Mención de responsabilidad, etc. B. Mirkine-Guetzévitch ; traducción del francés por Sabino Alvarez-Gendín.
250 ## - MENCION DE EDICION
Mención de edición 1ª ed.
260 ## - PUBLICACIÓN, DISTRIBUCIÓN, ETC.
Lugar de publicación, distribución, etc. Madrid :
Nombre del editor, distribuidor, etc. Hijos de Reus,
Fecha de publicación, distribución, etc. 1934.
300 ## - DESCRIPCIÓN FÍSICA
Extensión XXVIII, 255 p. ;
Dimensiones 23 cm.
490 1# - MENCIÓN DE SERIE
Mención de serie Biblioteca jurídica de autores españoles y extranjeros ;
Designación de volumen o secuencia 174
650 17 - PUNTO DE ACCESO ADICIONAL DE MATERIA--TÉRMINO DE MATERIA
Término de materia o nombre geográfico como elemento de entrada Derecho constitucional
Fuente del encabezamiento o término embne
9 (RLIN) 11680
650 17 - PUNTO DE ACCESO ADICIONAL DE MATERIA--TÉRMINO DE MATERIA
Término de materia o nombre geográfico como elemento de entrada Historia constitucional
Fuente del encabezamiento o término embne
9 (RLIN) 13391
700 1# - ENTRADA AGREGADA--NOMBRE PERSONAL
Nombre de persona Álvarez-Gendín, Sabino,
Fechas asociadas al nombre 1895-1983
9 (RLIN) 20820
830 0# - PUNTO DE ACCESO ADICIONAL DE SERIE-TÍTULO UNIFORME
Título uniforme Biblioteca jurídica de autores españoles y extranjeros ;
Designación de volumen o secuencia 174
9 (RLIN) 182228
852 ## - LOCALIZACIÓN
Ubicación ES-MaACL
Número de control de estantería E-3145
Holdings
Estatus retirado Estado de pérdida Estado de daño No para préstamo Biblioteca de origen Biblioteca actual Ubicación en estantería Fecha de adquisición Fuente de adquisición Total de préstamos Signatura topográfica completa Código de barras Visto por última vez Precio de reemplazo Tipo de ítem Koha
        Biblioteca del Ateneo de Madrid Biblioteca del Ateneo de Madrid Depósito 2 17/01/2008     E-3145 1115584 23/02/2023 23/02/2023 Libro impreso